000 00543nam a2200229Ia 4500
003 OSt
005 20221006141321.0
006 a|||||r|||| 00| 0
007 ta
008 221006b |||||||| |||| 00| 0 eng d
024 _a1,829
037 _cTextual
040 _aEASL
_cEASL
_beng
041 _2eng
_aeng
082 _aW691xM93, L9
100 _aMARTIN J
_9288199
245 0 _aGuide to Marxism
260 _c1979
300 _ap.
_ccm.
942 _hW691xM93, L9
_cTEXL
_2CC
999 _c1069915
_d1069915